| 000 | 00495nam a2200157 4500 | ||
|---|---|---|---|
| 001 | 140372 | ||
| 003 | ES-MaACL | ||
| 005 | 20230906200050.0 | ||
| 007 | t| | ||
| 008 | 070214s1973 ii r ||||1| eng d | ||
| 100 | 1 |
_aSchwartz, Laurent. _9104872 |
|
| 245 | 1 | 0 |
_aRadon measures on arbitrary topogical spaces and cylindrical measures / _cLaurent Schwartz. |
| 260 |
_aBombay (India) : _bOxford University Press, _c1973. |
||
| 300 |
_aXII, 394 p. ; _c26 cm. |
||
| 852 |
_aES-MaACL _jA-6448 _bR.95398 |
||
| 999 |
_c140372 _d140372 |
||